Statistics for Dance Moms Easy

Click here to take the quiz!

General Stats

  • This quiz has been taken 444 times
  • The average score is 11 of 15

Answer Stats

HintAnswer% Correct
owner of dance companyabby lee miller
98%
abby's favoritemaddie
94%
played rosa parksnia
92%
how many girls were in the original groupsix
91%
oldest in the groupbrooke
88%
the youngest in the groupmackenzie
86%
only mom that is abby's friendmelissa
75%
known as dr._ _ _ _ _holly
72%
the mom who yells a lotchristi
69%
the moms that gets drunk a lotkelly
68%
abby's dogs namebroadway baby
63%
the blonde twins (that aren't related)chloe and paige
63%
when the girls learn how they did the last weekpyramid
63%
abby's helpergiana
61%
dance studio nameabby lee dance company
59%

Score Distribution

Percentile by Number Answered

Percent of People with Each Score

Your Score History

You have not taken this quiz